| 000 | 00837cam a2200301 a 4500 | ||
|---|---|---|---|
| 001 | 49817 | ||
| 005 | 20230410115415.0 | ||
| 008 | 810731s1975 mx b 000 0 spa | ||
| 010 | _a 81138377 | ||
| 035 | _a(OCoLC)ocm07730990 | ||
| 040 |
_aDLC _cDLC |
||
| 035 | _a(OCoLC)7730990 | ||
| 050 | 1 | 4 |
_aHD 4851 _bL579p 1975 |
| 100 | 1 | _aLeón, Emiliano. | |
| 245 | 1 | 3 |
_aLa prensa obrera y el movimiento sindical / _cEmiliano León. |
| 250 | _a1a ed. | ||
| 260 |
_aMéxico, D.F. : _bEdiciones de Cultura Popular, _c1975. |
||
| 300 |
_a188 p. ; _c17 cm. |
||
| 440 | 0 |
_aBiblioteca del militante ; _v13 |
|
| 504 | _aIncludes bibliographical references. | ||
| 650 | 0 | _aProletariat. | |
| 650 | 0 | _aLabor unions. | |
| 650 | 0 | _aPress, Labor. | |
| 650 | 0 | _aCommunism. | |
| 942 |
_2lcc _cbk |
||
| 946 | _aclperez | ||
| 994 |
_aC0 _bDRFGD |
||
| 999 |
_c40539 _d40539 |
||